| 000 | 00355nam a2200145Ia 4500 | ||
|---|---|---|---|
| 008 | 100415s9999 xx 000 0 und d | ||
| 082 |
_b1844 _a597.07 |
||
| 100 | _aSage Dean | ||
| 245 | _aSalmon and Trout | ||
| 260 |
_aLONDON _c1902 _bTHE MACMILLANCOMPANY |
||
| 365 | _b0 | ||
| 630 | _aSalmon and Trout | ||
| 730 | _aSalmon and Trout | ||
| 942 | _cBOOK | ||
| 999 |
_c584892 _d584889 |
||